| 000 | 00888nam a22002297a 4500 | ||
|---|---|---|---|
| 999 |
_c12593 _d12593 |
||
| 003 | AR-CdUCM | ||
| 008 | 190409b ||||| |||| 00| 0 spa d | ||
| 040 |
_aMUNICIPALIDAD PROVINCIAL DEL CUSCO _cBIBLIOTECA MUNICIPAL DEL CUSCO |
||
| 082 |
_a371.264 / _bV536 / 1949 |
||
| 100 |
_aVierniers, L. _930502 |
||
| 245 | _aMetodología de la historia / | ||
| 260 |
_aBuenos Aires : _bLosada, _c1949. |
||
| 300 |
_a96 páginas ; _c19 cm. |
||
| 440 |
_aCuadernos de trabajo _n8 _930503 |
||
| 500 | _aPublicaciones de la revista de pedagogía | ||
| 505 | _aContenido: El fin de la educación en general -- EL fin de la enseñanza histórica -- El programa de historia en una escuela primaria -- Los manuales de historia... | ||
| 650 |
_aHistoria _9136 |
||
| 650 |
_aEnseñanza histórica _930504 |
||
| 650 |
_aMétodos de enseñanza _94066 |
||
| 942 |
_2ddc _cLIBROS |
||
| 945 |
_adavv _d09/04/2019 |
||